| 000 | 01009nam a2200277 a 4500 | ||
|---|---|---|---|
| 005 | 20241016063744.0 | ||
| 008 | 061121s2005 es r 000 0 spa d | ||
| 020 | _a8427714823 | ||
| 035 | _aUPN01000148032 | ||
| 049 | _aCG | ||
| 050 | 4 |
_aBF723 S3 _bB4.2 |
|
| 100 | 1 |
_aBeauregard, Louise-Anne _942814 |
|
| 245 | 1 | 0 |
_aAutoestima : _bpara quererse más y relacionarse mejor / _cLouise-Anne Beauregard, Richard Bouffard, Germain Duclos ; tr. Carolina Basllester. |
| 260 |
_aMadrid : _bNarcea, _c2005. |
||
| 300 |
_a150 p. : _bil. |
||
| 440 | 0 | _aHerramientas Narcea | |
| 590 | _aTambién localizas un ejemplar en el "Area de Reserva" | ||
| 590 | _aBibliografía Básica (BGTQ) | ||
| 534 |
_pTítulo original: _tEstime de soi et compétence sociale chez les 8 á 12 ans |
||
| 650 | 0 |
_aAutoestima en niños _9356 |
|
| 650 | 4 |
_aAutoestima _92906 |
|
| 650 | 4 |
_aSocialización del niño _93953 |
|
| 700 | 1 |
_aBouffard, Richard, _ecoaut. _942815 |
|
| 700 | 1 |
_aDuclos, Germain, _ecoaut. _934300 |
|
| 905 | _aLibro | ||
| 999 |
_c120174 _d120174 |
||